Алгоритмическое и программно-техническое обеспечение тензометрического контроля колес вагонов в движении: автореферат диссертации на соискание ученой степени кандидата технических наук; спец. 05.11.13

Bibliografiske detaljer
Hovedforfatter: Коломеец А. О. Андрей Олегович
Institution som forfatter: Сибирский государственный университет путей сообщения (СГУПС)
Andre forfattere: Бехер С. А. Сергей Алексеевич (научный руководитель)
Summary:Защита сост. 04.04.2017 г.
Sprog:russisk
Udgivet: Томск, [Б. и.], 2017
Fag:
Format: Bog
KOHA link:https://koha.lib.tpu.ru/cgi-bin/koha/opac-detail.pl?biblionumber=332499

MARC

LEADER 00000nam0a2200000 4500
001 332499
005 20231102004449.0
035 |a (RuTPU)RU\TPU\book\358432 
090 |a 332499 
100 |a 20170524d2017 k y0rusy50 ca 
101 0 |a rus 
102 |a RU 
105 |a a dm 001zy 
200 1 |a Алгоритмическое и программно-техническое обеспечение тензометрического контроля колес вагонов в движении  |e автореферат диссертации на соискание ученой степени кандидата технических наук  |e спец. 05.11.13  |f А. О. Коломеец  |g Сибирский государственный университет путей сообщения (СГУПС) ; науч. рук. С. А. Бехер 
210 |a Томск  |c [Б. и.]  |d 2017 
215 |a 22 с.  |c ил. 
300 |a Защита сост. 04.04.2017 г. 
320 |a Библиогр.: с. 21-22 (13 назв.) 
452 1 |0 (RuTPU)RU\TPU\book\353216  |t Алгоритмическое и программно-техническое обеспечение тензометрического контроля колес вагонов в движении  |o автореферат диссертации на соискание учёной степени кандидата технических наук  |o спец. 05.11.13  |f А. О. Коломеец  |g Сибирский государственный университет путей сообщения (СГУПС) ; науч. рук. С. А. Бехер  |c Томск  |d 2017  |a Коломеец, Андрей Олегович 
606 1 |a Вагонные колеса  |2 stltpush  |3 (RuTPU)RU\TPU\subj\1924  |9 30573 
610 1 |a железнодорожный транспорт 
610 1 |a неразрушающий контроль 
610 1 |a тензометрия 
610 1 |a рельсы 
610 1 |a деформация 
610 1 |a статическое нагружение 
610 1 |a вертикальные деформации 
610 1 |a дефектные колеса 
610 1 |a диагностические системы 
610 1 |a поверхности катания 
610 1 |a оценка 
610 1 |a алгоритмическое обеспечение 
610 1 |a программное обеспечение 
610 1 |a авторефераты диссертаций 
675 |a 629.44/.46(04)  |v 4 
686 |a 05.11.13  |2 oksvnk 
700 1 |a Коломеец  |b А. О.  |g Андрей Олегович 
702 1 |a Бехер  |b С. А.  |g Сергей Алексеевич  |4 727 
712 0 2 |a Сибирский государственный университет путей сообщения (СГУПС)  |c (Новосибирск)  |2 stltpush  |3 (RuTPU)RU\TPU\col\140 
801 1 |a RU  |b 63413507  |c 20170524 
801 2 |a RU  |b 63413507  |c 20180109  |g RCR 
942 |c BK